Ultimate Bioshock Infinite Quiz - Statistics

General Stats
  • This quiz has been taken 163 times
    93 since last reset
  • The average score is 30 of 73
Answer Stats
Group Question Answer % Correct
People What is the name of the male protagonist? Booker DeWitt
97%
People What is the name of the Prophet that tries to stop the protagonist from stealing his "daughter?" Zachary Hale Comstock
95%
People Who is the girl that the protagonist has to save? Elizabeth
93%
People Who sends his men after you in the second part of the DLC? HINT: He was the main leader of Rapture in the original game! Andrew {Ryan}
75%
People What is the name of the owner of Finkton Proper and the organizer of the raffle? Jeremiah Fink
72%
People Whose party do you go to in the DLC's first part to retrieve information on a little sister? Sander {Cohen}
66%
People Who is resurrected as a ghost, only to be a composition of Elizabeth's hatred towards her? Lady Comstock
64%
Misc. What year was Bioshock Infinite released? 2013
62%
People What do the initials "AD" stand for? Anna DeWitt
62%
Enemies These original Bioshock enemies make their return in "Burial at Sea." Big Daddy/Little Sister/Bouncer/Splicer
62%
People What are the names of the two Lutece Twins? {Robert} Lutece
59%
Main Game What can Elizabeth open to see into other worlds or help the main protagonist? Tear
59%
People Who returns to the DLC's second part as the main enemy? Frank Fontaine/Atlas
57%
Main Game Complete the quote: "Lives, lived, will live. Dies, died, will {die}."
57%
Places What city does Elizabeth want to go to once she is free? Paris
57%
Misc. What are the names of the special spells you can use to affect an enemy in a variety of ways? {Vigor}s
56%
People What is the name of the leader of the Vox Populi, who was blamed for killing Lady Comstock? Daisy Fitzroy
54%
Enemies What is the name of the mechanical guardian of the girl you are trying to save? Songbird
54%
DLC What is the name of the two-part story DLC? Burial at Sea
52%
Places What is the name of the floating city in the sky that you are transported to? Columbia
52%
Places Where does Booker want to take Elizabeth once he finds her? New York
52%
Main Game What number does the protagonist draw at the raffle? 77
51%
Places What giant structure does the protagonist go to to be transported into the sky at the beginning of the game? Lighthouse
51%
Main Game What appendage was cut off of Elizabeth while moving through a tear? Pinky Finger
51%
People What are the names of the two Lutece Twins? {Rosalind} Lutece
51%
Main Game What is the objective of the game? "Bring us the {girl}, and wipe away the {debt}"
48%
Places The Prophet's Flagship {Hand} of the Prophet
48%
Misc. What is the term used for collectable audio diaries found throughout the game? {Voxophone}s
48%
People What individual returns to the DLC from the original game and asks Elizabeth to build a Lutece Device? Dr. Yi {Suchong}
46%
Enemies What is the name of the motorized enemy with George Washington or Abraham Lincoln as a face? Motorized {Patriot}
44%
Vigors All Eight Vigors Shock Jockey
44%
Main Game What year does the main game take place? 1912
43%
People What is the name of the protagonist's fellow war comrade-turned-foe that gives you the Shock Jockey? Cornelius Slate
43%
Vigors All Eight Vigors Devil's Kiss
41%
Enemies What is the name of the big enemy with a mechanical arm first seen in Finkton Proper? Handyman
41%
Main Game What are the four notes that you play to summon the bird? CAGE
34%
Places Where people work all day and is run by an astute businessman. Factories are the key! {Finkton} Proper
34%
Vigors All Eight Vigors Murder of Crows
34%
Vigors All Eight Vigors Possession
34%
Places Where are you teleported after destroying the Siphon at the end of the game? Rapture
34%
People What is the name of the gunsmith in Finkton Proper that the protagonists go to visit to get weapon supplies for the Vox Populi? Chen Lin
33%
Enemies This enemy spawns crows and is able to teleport. Faithful servants of the Prophet's Wife, they serve under the Fraternal Order of the Raven. Crow/Zealot
33%
Places The name of the island where the protagonist goes to rescue Elizabeth. {Monument} Island
33%
Main Game What is the form of transportation that you can ride on across cities and in the skies? Sky-Line
33%
Main Game What is the name of the hardest difficulty setting for the main campaign, where you lose money if you die and if you run out of money, you get sent back to the most previous checkpoint? 1999 Mode
31%
Enemies This enemy is in the House of Comstock and commonly patrols the location looking for abnormalities. If he spots you, he will scream and in turn spawn enemies to fight you (often donning presidential masks). Boy of {Silence}
31%
Vigors All Eight Vigors Bucking Bronco
31%
Enemies This enemy is introduced at the start of the game after the raffle. They are hot-headed and prone to self-immolation. Fireman
31%
People What is the name of the little girl in the DLC that Elizabeth is trying to rescue? Sally
30%
Places Where you start the game rowing on a rowboat. Coast of {Maine}
28%
Songs What is the Cyndi Lauper song that plays in some locations? Girls Just Wanna Have Fun
28%
Places Lady Comstock's Flagship The {First Lady}
28%
Vigors All Eight Vigors Undertow
28%
Songs What is the name of the Tears for Fears song that plays in an old-fashioned manner throughout the game? Everybody Wants to Rule the World
26%
Misc. What is the term used for clothing items you can put on your character? Gear
26%
Places Where the businessman keeps his prisoners. Seems like a good time here! {Good Time} Club
26%
Enemies These flying ships are turrets mounted on balloons! You can also spawn them through a tear. Mosquito
26%
Vigors All Eight Vigors Charge
23%
Vigors All Eight Vigors Return to Sender
21%
People Who is the voice actor of Booker DeWitt? Troy Baker
21%
DLC What is the name of the challenge mode introduced as the first part of the expansion pack? Clash in the Clouds
20%
Places Where you go to retrieve a certain electrifying vigor from your old war buddy. You're feeling patriotic! Hall of Heroes
20%
DLC What is the name of the hardest difficulty setting for the DLC, where you lose money if you die and if you run out of money, you get sent back to the most previous checkpoint? 1998 Mode
18%
Places Where the dynamic duo wakes up after their ship crashes due to a familiar mechanical bird. Emporia
18%
Misc. What is the term used for bottles used to upgrade your health, salts, and shield? {Infusion}s
18%
DLC The name of the vigor that freezes its foes! Old Man Winter
18%
Places Where you wake up after a treacherous first encounter with Elizabeth. Beaches and music galore! Battleship Bay
16%
Places Where the impoverished people of the above location live. Remember the long elevator ride down? Shanty Town
16%
Songs What is the duet song that is sung by Booker and Elizabeth? Will the Circle Be Unbroken?
16%
Misc. What is the name of the movie on the billboard that is visible when Elizabeth first opens a tear? Return of the Jedi
15%
Songs What is the name of the song by Edith Piaf that plays in the second part of the DLC when Elizabeth is living her dream in Paris? La Vie en Rose
13%
Places The version of above, but downtown. Downtown Emporia
11%
People Who is the voice actor of Elizabeth? Courtnee Draper
5%
No matching quizzes found
Score Distribution
Percent of People with Each Score
Percentile by Number Answered
Your Score History
You have not taken this quiz since the last reset